Nový rozvoj logistiky
Bod rozpojenia objednávkou zákazníka na príklade najväčšieho maloobchodníka v Holandsku Alberta Heijna. Trh zásob, objednávok a informácie o predaji.
Uložené v:
| Médium: | Kapitola |
|---|---|
| Jazyk: | Czech |
| Predmet: | |
| Tagy: |
Žiadne tagy, Buďte prvý, kto otaguje tento záznam!
|
MARC
| LEADER | 00000naa a2200000 4500 | ||
|---|---|---|---|
| 001 | r020646 | ||
| 005 | 20230922085902.6 | ||
| 041 | 0 | |a cze | |
| 044 | |a CZ | ||
| 245 | 1 | 0 | |a Nový rozvoj logistiky |
| 520 | |a Bod rozpojenia objednávkou zákazníka na príklade najväčšieho maloobchodníka v Holandsku Alberta Heijna. Trh zásob, objednávok a informácie o predaji. | ||
| 610 | 2 | 0 | |a logistika |
| 610 | 2 | 0 | |a objednávky |
| 610 | 2 | 0 | |a zákazníci |
| 610 | 2 | 0 | |a zásoby |
| 610 | 2 | 0 | |a predaj |
| 610 | 2 | 0 | |a maloobchod |
| 610 | 2 | 0 | |a Holandsko |